[Event "Titled Tuesday intern op 10th May Early"]
[Site "Chess.com INT"]
[Date "2022.05.10"]
[Round "2"]
[White "Karolczuk, Iwo"]
[Black "Duarte, Leonardo"]
[Result "1-0"]
[WhiteElo "2319"]
[BlackElo "2320"]
[PlyCount "75"]
[EventDate "2022.05.10"]
[EventType "swiss (blitz)"]
[EventRounds "11"]
[EventCountry "USA"]
[SourceTitle "CBM 208 Extra"]
[Source "ChessBase"]
[SourceDate "2022.07.31"]
[SourceVersion "1"]
[SourceVersionDate "2022.07.31"]
[SourceQuality "1"]

1. d4 Nf6 2. c4 g6 3. Nc3 Bg7 4. g3 0-0 5. Bg2 d6 6. Nf3 Bf5 7. 0-0 Nc6 8. d5 Na5 9. Nd4 Bd7 10. b3 c5 11. dxc6 Nxc6 12. Nxc6 Bxc6 13. Bb2 Bxg2 14. Kxg2 Qd7 15. Qd3 a6 16. a4 Rac8 17. Rad1 Qc6+ 18. e4 Rfe8 19. Rfe1 Nd7 20. Qc2 Nc5 21. Nd5 Bxb2 22. Qxb2 b5 23. cxb5 axb5 24. a5 b4 25. Re3 Qb5 26. e5 dxe5 27. Qxe5 Qc6 28. Rc1 Qb7 29. Kg1 Ne6 30. Rce1 Rc5 31. Nf6+ exf6 32. Qxf6 Qc7 33. h4 Rc1 34. h5 Rxe1+ 35. Rxe1 Qd8 36. Qe5 Rf8 37. h6 Qd7 38. Qf6 1-0

[Event "Arica op 7th"]
[Site "Arica"]
[Date "2021.12.15"]
[Round "6"]
[White "Delgado Ramirez, Neuris"]
[Black "Duarte, Leonardo"]
[Result "1-0"]
[WhiteElo "2614"]
[BlackElo "2333"]
[PlyCount "61"]
[EventDate "2021.12.12"]
[EventType "swiss"]
[EventRounds "10"]
[EventCountry "CHI"]
[SourceTitle "CBM 205 Extra"]
[Source "ChessBase"]
[SourceDate "2022.01.31"]
[SourceVersion "1"]
[SourceVersionDate "2022.01.31"]
[SourceQuality "1"]

1. e4 c5 2. Nf3 e6 3. d4 cxd4 4. Nxd4 Nc6 5. Nc3 a6 6. Nxc6 bxc6 7. e5 Qc7 8. Qe2 Ne7 9. f4 Nd5 10. Ne4 f5 11. exf6 Nxf6 12. Nxf6+ gxf6 13. Qh5+ Ke7 14. Bd2 Bb7 15. Bb4+ d6 16. Ba5 Qd7 17. Bc3 c5 18. Qh4 Bg7 19. 0-0-0 d5 20. f5 d4 21. fxe6 Qd5 22. Bxd4 cxd4 23. Rxd4 Bh6+ 24. Kb1 Qg5 25. Rd7+ Kxe6 26. Qxg5 Bxg5 27. Rxb7 Bf4 28. Bc4+ Kd6 29. Rd1+ Kc5 30. Be2 Rab8 31. b4+ 1-0

[Event "Valdivia op 2nd"]
[Site "Valdivia"]
[Date "2021.09.17"]
[Round "1"]
[White "Duarte, Leonardo"]
[Black "Flores Castro, Alex"]
[Result "1-0"]
[WhiteElo "2330"]
[BlackElo "1661"]
[PlyCount "133"]
[EventDate "2021.09.16"]
[EventType "swiss"]
[EventRounds "6"]
[EventCountry "CHI"]
[SourceTitle "CBM 204 Extra"]
[Source "ChessBase"]
[SourceDate "2021.11.30"]
[SourceVersion "1"]
[SourceVersionDate "2021.11.30"]
[SourceQuality "1"]

1. d4 Nf6 2. Bf4 g6 3. Nf3 Bg7 4. e3 d6 5. h3 0-0 6. Be2 Nc6 7. Bh2 Nd7 8. c3 e5 9. 0-0 Qe7 10. a4 f5 11. Na3 g5 12. Nb5 e4 13. Nxg5 Nf6 14. h4 a6 15. Na3 h6 16. Nh3 Be6 17. Nf4 Bf7 18. b4 Nd8 19. c4 Ne6 20. a5 c6 21. Nxe6 Bxe6 22. c5 Ne8 23. cxd6 Nxd6 24. h5 Nb5 25. Nxb5 axb5 26. Qd2 Rf7 27. Rfc1 Bf8 28. a6 Bd5 29. axb7 Qxb7 30. Bf4 Ra4 31. Rab1 Qa6 32. Rb2 Ra1 33. Kh2 Rxc1 34. Qxc1 Qa3 35. Qd2 Ra7 36. g4 fxg4 37. Bxg4 Qa1 38. Bh3 Bc4 39. Rc2 Ra2 40. Rxa2 Qxa2 41. Qe1 Be6 42. Qg1+ Kf7 43. Qg6+ Ke7 44. Qh7+ Ke8 45. Qg6+ Ke7 46. Bg3 Bxh3 47. Qd6+ Kf7 48. Qf4+ Ke7 49. Kxh3 Qe6+ 50. Kg2 Ke8 51. Qb8+ Kf7 52. Qc7+ Ke8 53. Qb8+ Kf7 54. Qf4+ Ke8 55. f3 exf3+ 56. Qxf3 Bxb4 57. e4 Qa2+ 58. Kh3 Qe6+ 59. Kg2 Qa2+ 60. Qf2 Qxf2+ 61. Kxf2 Bd2 62. Ke2 Bg5 63. Kd3 Kd7 64. Be1 Be7 65. Bd2 Bf8 66. d5 cxd5 67. exd5 1-0

[Event "Titled Tuesday intern op 06th July"]
[Site "Chess.com INT"]
[Date "2021.07.06"]
[Round "2"]
[White "Duarte, Leonardo"]
[Black "Necula, Iulian"]
[Result "1-0"]
[WhiteElo "2330"]
[BlackElo "1890"]
[PlyCount "137"]
[EventDate "2021.07.06"]
[EventType "swiss (blitz)"]
[EventRounds "11"]
[EventCountry "USA"]
[SourceTitle "EXT 2022"]
[Source "ChessBase"]
[SourceDate "2021.10.06"]
[SourceVersion "1"]
[SourceVersionDate "2021.10.06"]
[SourceQuality "1"]

1. e4 g6 2. d4 Bg7 3. Nc3 c6 4. f4 d5 5. e5 Bf5 6. h3 h5 7. Nf3 Nd7 8. Be3 e6 9. Qd2 Nh6 10. Bf2 Qb6 11. 0-0-0 0-0-0 12. Bh4 Rde8 13. Be2 Kb8 14. Ng5 f6 15. Nf3 fxe5 16. fxe5 Nf7 17. Na4 Qc7 18. Kb1 Bh6 19. Qc3 g5 20. Bf2 g4 21. hxg4 Bxg4 22. Be3 Bxe3 23. Qxe3 Rhg8 24. Rhf1 Rg7 25. Nh4 Reg8 26. Bxg4 hxg4 27. g3 Ng5 28. Ng2 Nf3 29. Nf4 Nf8 30. a3 a6 31. Nc3 Qf7 32. Nce2 Ng5 33. Nxd5 Nf3 34. Nf6 Rh8 35. Nf4 Rh2 36. Rh1 Rxh1 37. Rxh1 Ng6 38. Nxg6 Rxg6 39. Rh8+ Kc7 40. Qc3 Rxf6 41. Qa5+ b6 42. Qxa6 Qf8 43. Rxf8 Rxf8 44. Qa7+ Kd8 45. Qxb6+ Ke7 46. Qb4+ Kf7 47. Qc3 Kg6 48. Ka2 Rc8 49. Qd3+ Kf7 50. Qe4 Rd8 51. Qf4+ Ke7 52. Qxg4 Nxd4 53. Qh4+ Kd7 54. Qxd4+ Kc7 55. Qxd8+ Kxd8 56. Kb3 Ke7 57. Kc4 Kf7 58. b4 Kg6 59. Kc5 Kf5 60. Kxc6 Kxe5 61. b5 Kf5 62. b6 e5 63. b7 e4 64. b8Q e3 65. Qb1 e2 66. Qe1 Kg4 67. a4 Kf3 68. a5 Ke3 69. a6 1-0

[Event "Titled Tuesday intern op 06th July"]
[Site "Chess.com INT"]
[Date "2021.07.06"]
[Round "5"]
[White "Duarte, Leonardo"]
[Black "Ozates, Tuna"]
[Result "0-1"]
[WhiteElo "2330"]
[BlackElo "2217"]
[PlyCount "34"]
[EventDate "2021.07.06"]
[EventType "swiss (blitz)"]
[EventRounds "11"]
[EventCountry "USA"]
[SourceTitle "EXT 2022"]
[Source "ChessBase"]
[SourceDate "2021.10.06"]
[SourceVersion "1"]
[SourceVersionDate "2021.10.06"]
[SourceQuality "1"]

1. e4 e5 2. Nf3 Nc6 3. d4 exd4 4. Nxd4 Nf6 5. Nxc6 bxc6 6. Qe2 Bc5 7. Nc3 0-0 8. Be3 Bxe3 9. Qxe3 d5 10. 0-0-0 Re8 11. Qd4 a5 12. exd5 Ng4 13. h3 Qh4 14. Bc4 c5 15. Qf4 Qxf2 16. Qxc7 Ne3 17. Rhf1 Qxc2# 0-1

[Event "FIDE World Cup American Qual Gp4"]
[Site "Tornelo INT"]
[Date "2021.05.23"]
[Round "1.2"]
[White "Duarte, Leonardo"]
[Black "Gedajlovic, Max"]
[Result "0-1"]
[WhiteElo "2330"]
[BlackElo "2270"]
[PlyCount "88"]
[EventDate "2021.05.22"]
[EventType "k.o. (rapid)"]
[EventRounds "4"]
[EventCountry "USA"]
[SourceTitle "CBM 202 Extra"]
[Source "ChessBase"]
[SourceDate "2021.07.31"]
[SourceVersion "1"]
[SourceVersionDate "2021.07.31"]
[SourceQuality "1"]

1. d4 Nf6 2. Bf4 e6 3. Nd2 d5 4. e3 c5 5. c3 Nc6 6. Ngf3 cxd4 7. exd4 Nh5 8. Bg3 Nxg3 9. hxg3 g6 10. Bd3 Bg7 11. 0-0 0-0 12. Re1 Qd6 13. Qe2 f6 14. b4 Bd7 15. b5 Ne7 16. c4 Rae8 17. Nb3 dxc4 18. Bxc4 Nd5 19. Nc5 Bc8 20. Qb2 b6 21. Ne4 Qe7 22. a4 Rd8 23. Qb3 Rfe8 24. a5 g5 25. axb6 axb6 26. Ra8 Bb7 27. Ra7 Qc7 28. Nc3 Nxc3 29. Qxc3 Kh8 30. Qb3 Qb8 31. Qa2 Bc8 32. Rf7 Qd6 33. g4 Bd7 34. Rxd7 Qxd7 35. Bxe6 Qxb5 36. d5 Qa5 37. Qb3 Qc5 38. Rb1 Rd6 39. Nd2 Rexe6 40. dxe6 Rxd2 41. Qxb6 Qxb6 42. Rxb6 Rd8 43. e7 Re8 44. Rd6 Kg8 0-1

[Event "American World Cup Q Prelim"]
[Site "Tornelo INT"]
[Date "2021.05.09"]
[Round "6"]
[White "Slipak, Sergio"]
[Black "Duarte, Leonardo"]
[Result "1/2-1/2"]
[WhiteElo "2402"]
[BlackElo "2330"]
[PlyCount "98"]
[EventDate "2021.05.08"]
[EventType "swiss (rapid)"]
[EventRounds "9"]
[EventCountry "USA"]
[SourceTitle "CBM 202 Extra"]
[Source "ChessBase"]
[SourceDate "2021.07.31"]
[SourceVersion "1"]
[SourceVersionDate "2021.07.31"]
[SourceQuality "1"]

1. d4 d5 2. c4 c6 3. Nc3 Nf6 4. Bg5 dxc4 5. a4 Qa5 6. Nf3 Nbd7 7. Bd2 Qc7 8. e3 e5 9. Bxc4 Bd6 10. 0-0 0-0 11. Nxe5 Nxe5 12. dxe5 Bxe5 13. f4 Bd6 14. e4 Bc5+ 15. Kh1 Bg4 16. Qe1 Be6 17. Bxe6 fxe6 18. e5 Nd5 19. Ne4 Qb6 20. Ba5 Bb4 21. Bxb6 Bxe1 22. Bc5 Bb4 23. Bxf8 Rxf8 24. g3 a5 25. Rf3 h6 26. Rc1 Rf7 27. Nc5 Re7 28. Nd3 Kf8 29. Kg2 Ke8 30. g4 g6 31. Kg3 Rd7 32. Nc5 Re7 33. Ne4 Rf7 34. h4 Kd7 35. g5 h5 36. Nf6+ Ke7 37. Rd1 Rf8 38. Rb3 Ra8 39. Ne4 Rf8 40. Rf1 Rb8 41. Nf6 Rf8 42. Rbf3 Rc8 43. Rc1 Rf8 44. Ne4 Rb8 45. Nc5 Kf7 46. Nd3 Ke7 47. Rd1 Rf8 48. Rdf1 Rb8 49. Rd1 Rf8 1/2-1/2

[Event "Titled Tuesday intern op 09th Feb"]
[Site "Chess.com INT"]
[Date "2021.02.09"]
[Round "5"]
[White "Duarte, Leonardo"]
[Black "Golubev, Mikhail"]
[Result "1-0"]
[WhiteElo "2330"]
[BlackElo "2461"]
[PlyCount "89"]
[EventDate "2021.02.09"]
[EventType "swiss (blitz)"]
[EventRounds "11"]
[EventCountry "USA"]
[SourceTitle "EXT 2022"]
[Source "ChessBase"]
[SourceDate "2021.10.06"]
[SourceVersion "1"]
[SourceVersionDate "2021.10.06"]
[SourceQuality "1"]

1. e4 c5 2. Nf3 d6 3. d4 Nf6 4. Nc3 cxd4 5. Nxd4 g6 6. Bc4 Bg7 7. 0-0 0-0 8. h3 Nc6 9. Nf3 Na5 10. Bb3 b6 11. Re1 Bb7 12. Nd5 e6 13. Nxf6+ Bxf6 14. c3 Qc7 15. Bh6 Rfd8 16. Qd2 Nxb3 17. axb3 e5 18. c4 b5 19. Rac1 bxc4 20. bxc4 a5 21. Nh2 Be7 22. Ng4 f5 23. exf5 gxf5 24. Ne3 f4 25. Nd5 Bxd5 26. Qxd5+ Kh8 27. Qf7 Rg8 28. h4 Qc6 29. Bg5 Bxg5 30. hxg5 Rxg5 31. Qf6+ Rg7 32. f3 Qc5+ 33. Kf1 Re8 34. Re2 Qc7 35. b3 Kg8 36. Rd1 Rf7 37. Qg5+ Rg7 38. Qf6 Rf8 39. Qe6+ Kh8 40. Qxd6 Qxd6 41. Rxd6 Rb8 42. Rxe5 Rxb3 43. Rd8+ Rg8 44. Rxg8+ Kxg8 45. Rxa5 1-0

[Event "Titled Tuesday intern op 09th Feb"]
[Site "Chess.com INT"]
[Date "2021.02.09"]
[Round "8"]
[White "Skatchkov, Valery"]
[Black "Duarte, Leonardo"]
[Result "1-0"]
[WhiteElo "2283"]
[BlackElo "2330"]
[PlyCount "55"]
[EventDate "2021.02.09"]
[EventType "swiss (blitz)"]
[EventRounds "11"]
[EventCountry "USA"]
[SourceTitle "EXT 2022"]
[Source "ChessBase"]
[SourceDate "2021.10.06"]
[SourceVersion "1"]
[SourceVersionDate "2021.10.06"]
[SourceQuality "1"]

1. d4 Nf6 2. c4 c5 3. d5 b5 4. Nf3 g6 5. Qc2 Bg7 6. e4 d6 7. cxb5 a6 8. Nc3 0-0 9. a4 e6 10. dxe6 fxe6 11. Be2 d5 12. exd5 exd5 13. 0-0 Bf5 14. Qb3 Kh8 15. Bg5 c4 16. Qb4 d4 17. Rad1 d3 18. Qxc4 dxe2 19. Rxd8 exf1Q+ 20. Kxf1 Rxd8 21. Ne5 Bd3+ 22. Nxd3 axb5 23. Qe6 Ra6 24. Qe7 Re8 25. Qb7 Rd6 26. Ne5 Rxe5 27. Qxb8+ Ne8 28. Bf4 1-0

[Event "Titled Tuesday intern op 02nd Feb"]
[Site "Chess.com INT"]
[Date "2021.02.02"]
[Round "11"]
[White "Di Berardino, Diego Rafael"]
[Black "Duarte, Leonardo"]
[Result "1-0"]
[WhiteElo "2471"]
[BlackElo "2330"]
[PlyCount "45"]
[EventDate "2021.02.02"]
[EventType "swiss (blitz)"]
[EventRounds "11"]
[EventCountry "USA"]
[SourceTitle "CBM 200 Extra"]
[Source "ChessBase"]
[SourceDate "2021.03.31"]
[SourceVersion "1"]
[SourceVersionDate "2021.03.31"]
[SourceQuality "1"]

1. e4 c5 2. Nf3 Nc6 3. d4 cxd4 4. Nxd4 g6 5. Nc3 Bg7 6. Be3 Nf6 7. Bc4 0-0 8. Bb3 Re8 9. h3 d6 10. 0-0 Na5 11. Qf3 b6 12. Nd5 Bb7 13. Rfd1 Rc8 14. c3 a6 15. Bg5 Nxb3 16. axb3 Nd7 17. Qg3 Nc5 18. Qh4 h6 19. Nxe7+ Kh7 20. Nxc8 Qxc8 21. f3 b5 22. Bf6 Qd7 23. b4 1-0

[Event "Titled Tuesday intern op 02nd Feb"]
[Site "Chess.com INT"]
[Date "2021.02.02"]
[Round "6"]
[White "Duarte, Leonardo"]
[Black "Koellner, Ruben Gideon"]
[Result "1-0"]
[WhiteElo "2330"]
[BlackElo "2412"]
[PlyCount "135"]
[EventDate "2021.02.02"]
[EventType "swiss (blitz)"]
[EventRounds "11"]
[EventCountry "USA"]
[SourceTitle "CBM 200 Extra"]
[Source "ChessBase"]
[SourceDate "2021.03.31"]
[SourceVersion "1"]
[SourceVersionDate "2021.03.31"]
[SourceQuality "1"]

1. e4 d6 2. d4 Nf6 3. Nc3 e5 4. Nf3 Nbd7 5. Bc4 Be7 6. 0-0 c6 7. a4 Qc7 8. Re1 h6 9. a5 Rb8 10. d5 Nf8 11. Bb3 Bd7 12. a6 b5 13. dxc6 Bxc6 14. Qd3 Ne6 15. Bd5 Nc5 16. Qd1 b4 17. Bxc6+ Qxc6 18. Nd5 Nxd5 19. exd5 Qc7 20. Nd2 0-0 21. Nc4 Rfc8 22. b3 Nd7 23. f4 Bf6 24. Kh1 exf4 25. Bxf4 Ne5 26. Bxe5 dxe5 27. Qg4 Rd8 28. Rad1 Qc8 29. Qg3 Qxa6 30. Rf1 Rbc8 31. d6 Rxc4 32. bxc4 Rxd6 33. c5 Rxd1 34. Rxd1 Qc4 35. Qe3 e4 36. Re1 Bd4 37. Qxe4 Qxc5 38. Qe8+ Qf8 39. Qe4 Bf6 40. Qc6 Be7 41. Qd7 Bc5 42. Re8 a5 43. Rxf8+ Bxf8 44. Qb5 g6 45. Qxa5 Kg7 46. Qb5 Kg8 47. Qc4 Kg7 48. Qd3 Kg8 49. g3 Kg7 50. Kg2 h5 51. Kf3 Kg8 52. h3 Kg7 53. Qd4+ Kg8 54. Qe5 Bg7 55. Qe7 Bf8 56. Qf6 Bg7 57. Qb6 Bc3 58. Ke4 Kg7 59. Qd6 Be1 60. g4 hxg4 61. hxg4 Bc3 62. Qd7 Kf6 63. Qd6+ Kg7 64. Qe7 Kg8 65. g5 Kg7 66. Kd5 Kg8 67. Kc6 Kg7 68. Kd7 1-0

[Event "Titled Tuesday intern op 02nd Feb"]
[Site "Chess.com INT"]
[Date "2021.02.02"]
[Round "3"]
[White "Duarte, Leonardo"]
[Black "Sorensen, Hampus"]
[Result "0-1"]
[WhiteElo "2330"]
[BlackElo "2395"]
[PlyCount "86"]
[EventDate "2021.02.02"]
[EventType "swiss (blitz)"]
[EventRounds "11"]
[EventCountry "USA"]
[SourceTitle "CBM 200 Extra"]
[Source "ChessBase"]
[SourceDate "2021.03.31"]
[SourceVersion "1"]
[SourceVersionDate "2021.03.31"]
[SourceQuality "1"]

1. e4 e5 2. Nf3 Nc6 3. d4 exd4 4. Nxd4 Bc5 5. Be3 Qf6 6. c3 Nge7 7. Bb5 Bb6 8. 0-0 0-0 9. a4 d6 10. Qd2 Qg6 11. f3 f5 12. exf5 Nxf5 13. Nxf5 Bxf5 14. Bxb6 axb6 15. Na3 Ne5 16. Nc4 Nxc4 17. Bxc4+ Kh8 18. Rfe1 Rfe8 19. Bd5 c6 20. Bb3 h6 21. Rxe8+ Rxe8 22. Re1 d5 23. Kf2 Rxe1 24. Qxe1 Qg5 25. Qe3 Qh4+ 26. Kg1 Bg6 27. g3 Qf6 28. Kf2 Qd8 29. Qe5 Kh7 30. f4 Qd7 31. Qd4 Qh3 32. Kg1 Be4 33. Qf2 c5 34. Bc2 Qg4 35. Bxe4+ dxe4 36. Kg2 Qd1 37. Qe3 Qxa4 38. g4 Qc2+ 39. Kg3 Qd3 40. Qxd3 exd3 41. Kf3 c4 42. Ke3 Kg6 43. h4 h5 0-1

[Event "Titled Tuesday intern op 02nd Feb"]
[Site "Chess.com INT"]
[Date "2021.02.02"]
[Round "1"]
[White "Mohammad Fahad, Rahman"]
[Black "Duarte, Leonardo"]
[Result "0-1"]
[WhiteElo "2319"]
[BlackElo "2330"]
[PlyCount "78"]
[EventDate "2021.02.02"]
[EventType "swiss (blitz)"]
[EventRounds "11"]
[EventCountry "USA"]
[SourceTitle "CBM 200 Extra"]
[Source "ChessBase"]
[SourceDate "2021.03.31"]
[SourceVersion "1"]
[SourceVersionDate "2021.03.31"]
[SourceQuality "1"]

1. b3 c5 2. Bb2 Nc6 3. Nf3 d6 4. e3 Nf6 5. d4 e6 6. Be2 Be7 7. 0-0 0-0 8. c4 cxd4 9. exd4 d5 10. Nc3 b6 11. Rc1 Bb7 12. Ne5 dxc4 13. Nxc6 Bxc6 14. bxc4 Rc8 15. Qb3 Ne4 16. d5 Nxc3 17. Rxc3 exd5 18. Rg3 f6 19. Rd1 Qe8 20. Bg4 Ba4 21. Qd3 Bxd1 22. Qxd5+ Kh8 23. Bxc8 Qxc8 24. Qxd1 Qxc4 25. Qd7 Rd8 26. Qxd8+ Bxd8 27. h3 h6 28. Re3 Kh7 29. Bc3 Qxa2 30. g3 Qb1+ 31. Kg2 Bc7 32. Re7 Be5 33. Bd2 Qe4+ 34. Kh2 a5 35. Be3 a4 36. Ra7 b5 37. Bd4 Bxd4 38. f3 Qe2+ 39. Kh1 Qf1+ 0-1

[Event "Titled Tuesday intern op 12th Jan"]
[Site "Chess.com INT"]
[Date "2021.01.12"]
[Round "10"]
[White "Duarte, Leonardo"]
[Black "Damjanovic, Vladimir"]
[Result "1-0"]
[WhiteElo "2330"]
[BlackElo "2393"]
[PlyCount "91"]
[EventDate "2021.01.12"]
[EventType "swiss (blitz)"]
[EventRounds "11"]
[EventCountry "USA"]
[SourceTitle "CBM 200 Extra"]
[Source "ChessBase"]
[SourceDate "2021.03.31"]
[SourceVersion "1"]
[SourceVersionDate "2021.03.31"]
[SourceQuality "1"]

1. e4 Nc6 2. d4 d5 3. e5 Bf5 4. c3 e6 5. Bd3 Nge7 6. Ne2 Qd7 7. Ng3 Bg6 8. h4 h5 9. Bg5 0-0-0 10. Bxg6 fxg6 11. Nd2 Qe8 12. Nf3 Rd7 13. Qd3 Nf5 14. Nxf5 gxf5 15. b4 Nd8 16. a4 Nf7 17. Bf4 Rd8 18. b5 c6 19. 0-0 c5 20. c4 Qd7 21. Rfc1 Kb8 22. dxc5 Bxc5 23. Ng5 Nxg5 24. Bxg5 dxc4 25. Qxc4 Rc8 26. Qe2 Bd4 27. Rab1 Qd5 28. Bf4 g6 29. Rd1 Qc4 30. Qf3 Rhd8 31. a5 Qd5 32. Qg3 Qe4 33. a6 Rc2 34. Bd2 Rd7 35. Qxg6 Rdc7 36. Qg8+ Rc8 37. Qxe6 Rxd2 38. Qd6+ Ka8 39. Rxd2 Qxb1+ 40. Kh2 Qxb5 41. axb7+ Kxb7 42. Qxd4 Rc7 43. Rb2 a6 44. Rxb5+ axb5 45. e6 Rc5 46. Qxc5 1-0